Countries within 2000km of Hong-Kong - Statistics

General Stats
  • This quiz has been taken 33 times
  • The average score is 12 of 14
Answer Stats
distance (km) Answer % Correct
0 China
100%
928 Japan
96%
1691 South Korea
96%
633 Vietnam
96%
1119 Thailand
93%
1092 Cambodia
89%
982 Laos
89%
542 Taiwan
89%
1800 India
86%
1987 Indonesia
86%
1679 Malaysia
82%
1344 Myanmar
79%
1905 Brunei
61%
789 Phillipines
43%
No matching quizzes found
Score Distribution
Percent of People with Each Score
Percentile by Number Answered
Your Score History
You have not taken this quiz